LIBRARY & INFORMATION CENTRE, KCAET, TAVANUR

ONLINE PUBLIC ACCESS CATALOGUE (OPAC)

Thola Mahakavi / (Record no. 4540)

MARC details
000 -LEADER
fixed length control field 00411cam a2200169ua 4500
041 ## - LANGUAGE CODE
Language code of text/sound track or separate title mal
082 ## - DEWEY DECIMAL CLASSIFICATION NUMBER
Classification number 928.948121
Item number KRI/TH
100 ## - MAIN ENTRY--AUTHOR NAME
Personal name Krishna Warrier, P V .
245 ## - TITLE STATEMENT
Title Thola Mahakavi /
260 ## - PUBLICATION, DISTRIBUTION, ETC. (IMPRINT)
Place of publication Calicut :
Name of publisher P.K Brothers ,
Year of publication 1953.
300 ## - PHYSICAL DESCRIPTION
Number of Pages 130 ; .
942 ## - ADDED ENTRY ELEMENTS (KOHA)
Koha item type Books
Holdings
Withdrawn status Lost status Damaged status Home library Current library Date acquired Full call number Accession Number Koha item type
Withdrawn   Damaged KAUAET Malayalam University 07/04/2012 928.948121 4691 Books
free website counter